Statistics for Land Law: Co-ownership and Trusts of Land

Click here to take the quiz!

General Stats

  • This quiz has been taken 2 times
  • The average score is 6 of 39

Answer Stats

HintAnswer% Correct
Four unitiesInterest
100%
Can you sever a joint tenancy at law?No
100%
Four unitiesPossession
100%
Four unitiesTime
100%
Statute for meaning of trust of landS.1 TLATA 1996
50%
StatuteS.36(2) LPA 1925
50%
Four unitiesTitle
50%
Main statuteTrusts of Land and Appointment of Trustees Act 1996
50%
Four ways to sever a joint tenancyAct operating on a share
0%
Joint tenancy definitionAll tenants own whole
0%
Who does the aforementioned section NOT apply to?Bankrupt trustees
0%
What must a trustee have regard to when considering allowing a beneficiaries right to occupy?Circumstances and wishes of the beneficiaries
0%
Four ways to sever a joint tenancyCourse of dealing/mutual conduct
0%
What two 'concepts' did TLATA abolish?Doctrine of conversion
0%
Tenancy in common definitionEach tenant has a distinct share in property
0%
Matters relevant for determining actionsIntention of person(s) who created trust
0%
What must a trustee have regard to when considering allowing a beneficiaries right to occupy?Intentions of person(s) who created trust
0%
When does a beneficiary have a right to occupy?Interest in possession
0%
Matters relevant for determining actionsInterests of any secured creditor
0%
What happens when there is a dispute between beneficiaries?Listen to majority
0%
Four ways to sever a joint tenancyMutual agreement
0%
What must a trustee have regard to when considering allowing a beneficiaries right to occupy?Purpose of which the land is held
0%
Matters relevant for determining actionsPurposes of property subject to the trust
0%
What may a trustee not do?Restrict entitlement
0%
SectionS.11 TLATA 1996
0%
SectionS.12 TLATA 1996
0%
SectionS.13 TLATA 1996
0%
Section for applications for an orderS.14 TLATA 1996
0%
SectionS.15 TLATA 1996
0%
Section for settlementsS.2 TLATA 1996
0%
What section applies?S.335A (3) Insolvency Act 1986
0%
Four ways to sever a joint tenancyS.36(2) written notice
0%
Section for abolition of doctrine of conversionS.3 TLATA 1996
0%
SectionS.6(1) TLATA 1996
0%
What are general powers of trusteesSame as an absolute owner
0%
When should trustees consult beneficiaries?So far as practicable
0%
What two 'concepts' did TLATA abolish?Trust for sale
0%
What may a trustee not do?Unreasonably exclude
0%
Matters relevant for determining actionsWelfare of any minor
0%

Score Distribution

Percentile by Number Answered

Percent of People with Each Score

Your Score History

You have not taken this quiz